| 000 | 00847cam a2200253 a 4500 | ||
|---|---|---|---|
| 001 | 15426164 | ||
| 005 | 20241018141215.0 | ||
| 008 | 080825s2009 maua 001 0 eng | ||
| 020 | _a9780073375694 | ||
| 020 | _a0073375691 (alk. paper) | ||
| 050 | 0 | 0 |
_aHB171.5 _b.M47 2009 |
| 082 | 0 | 0 |
_a330 _222 |
| 100 | 1 | _aMcConnell, Campbell R. | |
| 245 | 1 | 0 |
_aEconomics : _bprinciples, problems, and policies / _cCampbell R. McConnell, Stanley L. Brue, Sean M. Flynn. |
| 250 | _a18th ed. | ||
| 260 |
_aBoston : _bMcGraw-Hill Irwin, _cc2009. |
||
| 300 |
_axxxi, 786 [59] p. : _bcol., ill. ; _c26 cm. |
||
| 500 | _aIncludes index. | ||
| 650 | 0 | _aEconomics. | |
| 700 | 1 |
_aBrue, Stanley L., _d1945- |
|
| 700 | 1 | _aFlynn, Sean Masaki. | |
| 856 | 4 | 1 |
_3Table of contents only _uhttp://www.loc.gov/catdir/toc/ecip0826/2008037520.html |
| 942 |
_2lcc _cBK _e18th Ed. _n0 |
||
| 999 |
_c58 _d58 |
||